Llengua : guia didàctica : segon cicle

Guardado en:
Detalles Bibliográficos
Otros Autores: Galan, Vicent F.
Formato: Libro
Lenguaje:catalán
Publicado: Barcelona : Teide, cop. 1994
Catálogo:MANES:  Resultados de Búsqueda del Catálogo
Clasificación de libros de texto:
Colección:Baldufa
Etiquetas: Agregar Etiqueta
Sin Etiquetas, Sea el primero en etiquetar este registro!
Añadido a:2003-09-28
Cambiado en:2025-05-07

MARC

LEADER 00000nam a2200000 a 4500
001 .b3009309
003 ES-BaCBU
005 20250507130129.0
008 030929s1994 spc||||||l 000 ||cat|c
020 |a 8430734406 
035 |a 8430734406  |9 ES-BaUB001  |a 0778-64460  |9 ES-BaUB035 
040 |a ES-BaUB  |b cat  |c ES-BaUB 
245 0 0 |a Llengua :  |b guia didàctica : segon cicle /  |c Vicent F. Galan ... [et al.] 
260 |a Barcelona :  |b Teide,  |c cop. 1994 
300 |a 117 p. 
546 |a España 
561 |5 es-CRAI  |3 p1 TX EP 3/3 TEI  |a España. Biblioteca Universitat de Barcelona  |k MANES 
690 0 |a LEN 
691 0 |a PRI 
700 1 |a Galan, Vicent F.  |q (Vicent Francesc)  |9 32450 
830 0 |a Baldufa  |9 32536 
856 |y Registro en Cercabib - CRAI 
942 |2 ddc  |c BK 
999 |c 89484  |d 89484 
999 |c manes:89484  |d 89484